| 000 | 00423 a2200145 4500 | ||
|---|---|---|---|
| 999 |
_c3867 _d3867 |
||
| 020 | _a8120700716 | ||
| 050 | _aLB1544.07 KOC 2004 | ||
| 100 |
_aKochhar,S.K _eauthor |
||
| 245 |
_aMethods and techniques of teaching / _cS.K Kochhar |
||
| 264 |
_aNew Delhi: _bSteling publishers private limited, _c c1985 |
||
| 300 | _a364p. : | ||
| 500 | _aincludes index | ||
| 650 | _ateaching techniques | ||
| 942 |
_2lcc _cBK _h1544.07 _iKOC _kLB |
||